Jurassic Park Arten Quiz - Statistiken

Allgemein
  • Dieses Quiz wurde 221 mal gespielt
  • Das Durchschnittsergebnis liegt bei 18 aus 72
Antwortstatistiken
Erster Auftritt Spezies % Korrekt
Jurassic Park Tyrannosaurus
93%
Jurassic Park Velociraptor
87%
Jurassic Park Brachiosaurus
79%
Jurassic Park Triceratops
78%
Jurassic World: Camp Cretaceous Sino-Spino
77%
Jurassic World Indominus Rex
74%
Jurassic Park: Vergessene Welt Stegosaurus
71%
Jurassic World: Fallen Kingdom Indoraptor
61%
Jurassic Park III Ankylosaurus
59%
Jurassic Park Dilophosaurus
57%
Jurassic Park: Vergessene Welt Pteranodon
56%
Jurassic World: Fallen Kingdom Allosaurus
53%
Jurassic World Mosasaurus
52%
Jurassic World: Dominion (Prologue) Giganotosaurus
51%
Jurassic Park III Spinosaurus
49%
Jurassic Park Gallimimus
45%
Jurassic Park Parasaurolophus
44%
Jurassic World: Fallen Kingdom Carnotaurus
38%
Jurassic Park III Ceratosaurus
38%
Jurassic World Apatosaurus
35%
Jurassic Park: Vergessene Welt Compsognathus
35%
Jurassic World: Camp Cretaceous Scorpius Rex
33%
Jurassic World: Fallen Kingdom Baryonyx
32%
Jurassic Park: Vergessene Welt Pachycephalosaurus
30%
Jurassic World Dimorphodon
27%
Jurassic World: Dominion Therizinosaurus
27%
Jurassic World: Dominion Pyroraptor
25%
Jurassic World: Fallen KIngdom (Diorama) Diplodocus
23%
Jurassic World: Fallen KIngdom Sinoceratops
20%
Jurassic World: Dominion (Prologue) Quetzalcoatlus
19%
Jurassic World: Dominion (Prologue) Iguanodon
18%
Jurassic World: Dominion (Prologue) Oviraptor
18%
Jurassic World: Fallen Kingdom Stygimoloch
18%
Jurassic World: Dominion Atrociraptor
15%
Jurassic Park III Corythosaurus
15%
Jurassic Park: The Game Troodon
15%
Jurassic World: Dominion Dimetrodon
14%
Jurassic Park: Vergessene Welt Mamenchisaurus
14%
Jurassic World: Camp Cretaceous Kentrosaurus
13%
Jurassic Park (Nur Embryo) Metriacanthosaurus
12%
Jurassic World: Dominion Lystrosaurus
10%
Battle at Big Rock Nasutoceratops
10%
Subject of Cruelty Styracosaurus
10%
Subject of Cruelty Deinonychus
9%
Jurassic World: Dominion (Prologue) Dreadnoughtus
9%
Indominus DNA Majungasaurus
9%
Jurassic World: Camp Cretaceous Monolophosaurus
9%
Jurassic World: Camp Cretaceous (HIdden Adventure) Tarbosaurus
9%
Jurassic Park: The Game Tylosaurus
9%
Jurassic World: Fallen KIngdom (Diorama) Concavenator
7%
Subject of Cruelty Edmontosaurus
7%
Jurassic World: Fallen Kingdom (Arcadia`s Manifest) Pachyrhinosaurus
7%
Jurassic Park (Nur Embryo) Proceratosaurus
7%
Jurassic Park: The Game Herrerasaurus
6%
Jurassic World: Fallen KIngdom (Diorama) Dracorex
5%
Jurassic World: Camp Cretaceous Nothosaurus
5%
Jurassic World: Camp Cretaceous Ouranosaurus
5%
Jurassic World: Camp Cretaceous Smilodon
5%
Subject of Cruelty Euoplocephalus
4%
Indominus DNA Deinosuchus
3%
Jurassic World: Dominion (Prologue) Moros Intrepidus
3%
Jurassic World: Camp Cretaceous Parasaurolophus lux
3%
Indominus DNA Rugops
3%
Subject of Cruelty Segisaurus
3%
Jurassic World: Dominion Microceratus
2%
Subject of Cruelty Coelurus
1%
Subject of Cruelty Lesothosaurus
1%
Jurassic World: Fallen KIngdom (Diorama) Mononykus
1%
Indominus DNA Pycnonemosaurus
1%
Indominus DNA Quilmesaurus
1%
Jurassic World: Fallen Kingdom (Skeleton) Peloroplites
0%
Indominus DNA Viavenator
0%
Keine übereinstimmenden Quizze gefunden
Verteilung der Resultate
Anzahl Personen mit jedem Resultat
Perzentil nach korrekt beantworteten Fragen
Ihre Resultats-Entwicklung
Sie haben dieses Quiz noch nicht gespielt